Loading...
| Literature - European | 0 | 11 | 0 | 0 | 110 | 51 | 90.91 | 5 | 10 | 0.00 | 0.00 |
| Philosophy | 0 | 10 | 2 | 1 | 90 | 52 | 86.90 | 2 | 9 | 0.00 | 0.00 |
| Literature - World | 0 | 9 | 0 | 0 | 90 | 44 | 90.33 | 4 | 9 | 0.00 | 0.00 |
| Literature - British | 0 | 9 | 1 | 1 | 85 | 55 | 92.67 | 3 | 9 | 0.00 | 0.00 |
| History - American | 0 | 8 | 0 | 1 | 80 | 36 | 91.63 | 3 | 6 | 0.00 | 0.00 |
| Literature - American | 0 | 8 | 0 | 0 | 80 | 51 | 90.25 | 3 | 7 | 0.00 | 0.00 |
| Fine Arts - Classical Music | 0 | 7 | 1 | 1 | 65 | 70 | 92.71 | 1 | 6 | 0.00 | 0.00 |
| History - Other | 0 | 6 | 0 | 1 | 60 | 53 | 98.50 | 1 | 3 | 0.00 | 0.00 |
| Social Science | 0 | 5 | 0 | 0 | 50 | 78 | 103.60 | 2 | 5 | 0.00 | 0.00 |
| Fine Arts - Other | 0 | 5 | 1 | 0 | 45 | 43 | 89.20 | 2 | 4 | 0.00 | 0.00 |
| Science - Physics | 0 | 4 | 0 | 0 | 40 | 64 | 91.00 | 2 | 4 | 0.00 | 0.00 |
| Fine Arts - Painting and Sculpture | 0 | 4 | 0 | 0 | 40 | 75 | 95.25 | 0 | 3 | 0.00 | 0.00 |
| Religion | 0 | 4 | 1 | 1 | 35 | 86 | 100.25 | 3 | 3 | 0.00 | 0.00 |
| History - World | 0 | 4 | 1 | 1 | 35 | 86 | 122.75 | 2 | 3 | 0.00 | 0.00 |
| Mythology | 0 | 4 | 2 | 2 | 30 | 75 | 111.50 | 0 | 3 | 0.00 | 0.00 |
| Science - Other | 0 | 2 | 0 | 0 | 20 | 65 | 78.00 | 2 | 2 | 0.00 | 0.00 |
| Other Academic | 0 | 2 | 0 | 0 | 20 | 94 | 112.50 | 0 | 1 | 0.00 | 0.00 |
| Current Events | 0 | 1 | 0 | 1 | 10 | 134 | 134.00 | 1 | 1 | 0.00 | 0.00 |
| Pop Culture | 0 | 1 | 0 | 0 | 10 | 77 | 77.00 | 1 | 1 | 0.00 | 0.00 |
| Science - Chemistry | 0 | 0 | 1 | 0 | -5 | 0.00 | 0 | 0 | 0.00 | 0.00 | |
| History - European | 0 | 1 | 3 | 0 | -5 | 53 | 53.00 | 1 | 1 | 0.00 | 0.00 |